Diseño estructural de concreto hidráulico por el método AASHTO 93 en un tramo de 775m de la avenida central en el municipio de Estelí-Estelí

La investigación un diseño estructural de concreto hidráulico por el método AASHTO 93 en un tramo de 775m de la avenida central en el municipio de Estelí-Estelí, en el cual se tomó en cuenta un estudio geotécnico con la finalidad de establecer las características físico-mecánicas de los s...

Full description

Bibliographic Details
Main Authors: Carvajal Granera, Iván Federico, Petray Ortiz, Nelson Isaac
Other Authors: Tutor: Moncada Castillo, Ajax Santiago
Format: Tesis Section = Libro
Language:Undetermined
Spanish
Published: Managua UNI/RUACS 2013
Subjects:
LEADER 01287nam a2200253Ia 4500
008 240830s9999 xx 000 0 und d
040 |a BIBLIOTECA-RUPAP T.Mon 625.85 C331 
041 |a spa 
082 |a T.Mon 625.85 C331 
100 1 |a Carvajal Granera, Iván Federico 
100 1 |b Petray Ortiz, Nelson Isaac 
245 1 0 |a Diseño estructural de concreto hidráulico por el método AASHTO 93 en un tramo de 775m de la avenida central en el municipio de Estelí-Estelí 
260 |a Managua  |b UNI/RUACS  |c 2013 
300 |a 58 p. :il. 
502 |a Tesis (Ingeniero Civil)- UNI, 2013. 
520 3 |a La investigación un diseño estructural de concreto hidráulico por el método AASHTO 93 en un tramo de 775m de la avenida central en el municipio de Estelí-Estelí, en el cual se tomó en cuenta un estudio geotécnico con la finalidad de establecer las características físico-mecánicas de los suelos, asimismo un estudio de tráfico por ser uno de los factores más importantes para el dimensionamiento de pavimentos. 
650 7 |a PAVIMENTOS 
650 7 |b  PAVIMENTOS DE ASFALTO 
650 7 |c  PAVIMENTOS –DISEÑO Y CONSTRUCCION 
650 7 |e  DRENAJE 
700 1 |a Tutor:  |b Moncada Castillo, Ajax Santiago 
942 |c BK  |2 ddc 
991 |a TESIS 
999 |c 18297